Name the lyrics to this day aria in order - Statistics

General Stats
  • This quiz has been taken 28 times
  • The average score is 103 of 243
Answer Stats
Answer % Correct
Be
100%
Day
100%
Day
100%
Going
100%
Is
100%
Kind
100%
Of
100%
Perfect
100%
The
100%
This
100%
To
100%
Dreamed
57%
Gather
57%
I
57%
I
57%
I’ve
57%
Look
57%
Round
57%
Say
57%
Since
57%
Small
57%
Was
57%
Will
57%
A
43%
About
43%
All
43%
All
43%
All
43%
All
43%
All
43%
All
43%
Any
43%
Any
43%
Armor
43%
Armor
43%
Arrived
43%
At
43%
At
43%
Be
43%
Be
43%
Be
43%
Be
43%
Be
43%
Be
43%
Be
43%
Before
43%
But
43%
But
43%
Cake
43%
Cake
43%
Care
43%
Care
43%
Celebrate
43%
Consume
43%
Could
43%
Day
43%
Day
43%
Day
43%
Do
43%
Does
43%
Don’t
43%
Don’t
43%
Dreamed
43%
Dress
43%
Escape
43%
Everypony
43%
Fake
43%
Finally
43%
Find
43%
For
43%
For
43%
Friends
43%
Going
43%
Gown
43%
Groom
43%
Groom
43%
Has
43%
Have
43%
Having
43%
Heart
43%
Him
43%
Him
43%
Him
43%
Him
43%
Hope
43%
I
43%
I
43%
I
43%
I
43%
I
43%
I
43%
I
43%
I
43%
I
43%
I
43%
If
43%
I’ll
43%
I’ll
43%
I’ll
43%
In
43%
In
43%
Instead
43%
Is
43%
Is
43%
It’s
43%
I’ve
43%
Kind
43%
Kind
43%
Know
43%
Late
43%
Less
43%
Lose
43%
Love
43%
Love
43%
Love
43%
Lovely
43%
Lying
43%
Lying
43%
Marrying
43%
Me
43%
Mine
43%
Mine
43%
Mine
43%
Moment
43%
Must
43%
My
43%
My
43%
My
43%
My
43%
No
43%
No
43%
Not
43%
Of
43%
Of
43%
Of
43%
Of
43%
Oh
43%
Oh
43%
Perfect
43%
Room
43%
Save
43%
Say
43%
Say
43%
Shining
43%
Shining
43%
Since
43%
Small
43%
So
43%
Soon
43%
Still
43%
The
43%
The
43%
The
43%
The
43%
The
43%
The
43%
The
43%
Them
43%
There
43%
There
43%
They
43%
This
43%
To
43%
To
43%
To
43%
To
43%
To
43%
Together
43%
Too
43%
Truth
43%
Us
43%
Very
43%
Want
43%
Want
43%
Was
43%
Was
43%
Way
43%
We
43%
Weather
43%
When
43%
Which
43%
Will
43%
With
43%
A
29%
All
29%
And
29%
Be
29%
Bells
29%
Bride
29%
Care
29%
Cherish
29%
Day
29%
Don’t
29%
Each
29%
End
29%
Fear
29%
Fooled
29%
For
29%
For
29%
For
29%
He
29%
He’ll
29%
Him
29%
I
29%
I
29%
I’ll
29%
In
29%
Is
29%
Lucky
29%
Make
29%
May
29%
May
29%
Me
29%
My
29%
Not
29%
Not
29%
Oh
29%
One
29%
One
29%
Partake
29%
Ring
29%
That
29%
That
29%
That
29%
The
29%
They
29%
Thoughts
29%
Through
29%
To
29%
To
29%
To
29%
Up
29%
Use
29%
Vows
29%
Wants
29%
We
29%
Wedding
29%
Wedding
29%
What
29%
Who
29%
Won’t
29%
Won’t
29%
Well
0%
No matching quizzes found
Score Distribution
Percent of People with Each Score
Percentile by Number Answered
Your Score History
You have not taken this quiz